Principles and Practice of Cost Accounting (Record no. 226840)

MARC details
000 -LEADER
fixed length control field 00530nam a22002057a 4500
003 - CONTROL NUMBER IDENTIFIER
control field OSt
005 - DATE AND TIME OF LATEST TRANSACTION
control field 20231213161947.0
008 - FIXED-LENGTH DATA ELEMENTS--GENERAL INFORMATION
fixed length control field 230301b ||||| |||| 00| 0 eng d
040 ## - CATALOGING SOURCE
Transcribing agency AL
041 ## - LANGUAGE CODE
Language code of text/sound track or separate title English
082 ## - DEWEY DECIMAL CLASSIFICATION NUMBER
Edition number 23
Classification number 381/236
Item number GUPP
100 ## - MAIN ENTRY--PERSONAL NAME
Personal name R K Gupta
9 (RLIN) 146038
245 ## - TITLE STATEMENT
Title Principles and Practice of Cost Accounting
250 ## - EDITION STATEMENT
Edition statement 7.
260 ## - PUBLICATION, DISTRIBUTION, ETC.
Place of publication, distribution, etc. Agra
Name of publisher, distributor, etc. Agra Book Store
Date of publication, distribution, etc. 1984
300 ## - PHYSICAL DESCRIPTION
Extent ii,1027 p.
Other physical details HB
Dimensions 24x15.5 cm.
650 ## - SUBJECT ADDED ENTRY--TOPICAL TERM
Topical term or geographic name entry element Cost Accounting
9 (RLIN) 73703
700 ## - ADDED ENTRY--PERSONAL NAME
Personal name GUPTA (R K)
9 (RLIN) 73704
942 ## - ADDED ENTRY ELEMENTS (KOHA)
Source of classification or shelving scheme Dewey Decimal Classification
Koha item type Special Grants
Holdings
Withdrawn status Lost status Source of classification or shelving scheme Damaged status Not for loan Collection code Home library Current library Shelving location Date acquired Total Checkouts Full call number Barcode Date last seen Price effective from Koha item type
    Dewey Decimal Classification     Commerce St Aloysius Library St Aloysius Library UGC Book Bank 03/01/2023   381/172 GUPP BB03611 03/01/2023 03/01/2023 Book Bank
    Dewey Decimal Classification     Commerce St Aloysius Library St Aloysius Library UGC Book Bank 03/01/2023   381/173 GUPP BB03612 03/01/2023 03/01/2023 Book Bank
    Dewey Decimal Classification     Commerce St Aloysius Library St Aloysius Library UGC Book Bank 03/01/2023   381/175 GUPP BB03614 03/01/2023 03/01/2023 Book Bank
    Dewey Decimal Classification     Commerce St Aloysius Library St Aloysius Library UGC Book Bank 03/01/2023   381/176 GUPP BB03615 03/01/2023 03/01/2023 Book Bank
    Dewey Decimal Classification     Commerce St Aloysius Library St Aloysius Library UGC Book Bank 03/01/2023   381/236 GUPP SG02161 03/01/2023 03/01/2023 Special Grants
    Dewey Decimal Classification     Commerce St Aloysius Library St Aloysius Library UGC Book Bank 03/01/2023   381/238 GUPP SG02163 03/01/2023 03/01/2023 Special Grants
    Dewey Decimal Classification     Commerce St Aloysius Library St Aloysius Library UGC Book Bank 03/01/2023   381/239 GUPP SG02164 03/01/2023 03/01/2023 Special Grants
    Dewey Decimal Classification     Commerce St Aloysius Library St Aloysius Library UGC Book Bank 03/01/2023   381/240 GUPP SG02378 03/01/2023 03/01/2023 Special Grants
    Dewey Decimal Classification     Commerce St Aloysius Library St Aloysius Library UGC Book Bank 03/01/2023   381/242 GUPP SG02380 03/01/2023 03/01/2023 Special Grants
    Dewey Decimal Classification     Commerce St Aloysius Library St Aloysius Library UGC Book Bank 03/01/2023   381/243 GUPP SG02381 03/01/2023 03/01/2023 Special Grants
    Dewey Decimal Classification     Commerce St Aloysius Library St Aloysius Library UGC Book Bank 03/01/2023   381/244 GUPP SG02382 03/01/2023 03/01/2023 Special Grants
    Dewey Decimal Classification     Commerce St Aloysius Library St Aloysius Library UGC Book Bank 03/01/2023   381/245 GUPP SG02383 03/01/2023 03/01/2023 Special Grants
    Dewey Decimal Classification     Commerce St Aloysius Library St Aloysius Library UGC Book Bank 12/12/2023   381/237 GUPP SG02162 12/12/2023 12/12/2023 Special Grants